000 00828nmc a2200265 a 4500
003 AR-BaBNM
005 20251128204211.0
008 025019s1980 ||||||||||||||000 | spa||
040 _cAR-BaBNM
100 1 _aGómez, Germán Rafael
245 1 0 _aCiencia física y química
_bguía de estudio de acuerdo con el programa oficial de los profesorados para el nivel primario
260 _aBuenos Aires
_bHumanitas
_c1980
300 0 _a238 p.
_bil.
490 0 _aFormación docente
_vv. 7
500 0 _aEl título de portada difiere del título de la tapa
650 4 _aFISICA
650 4 _aQUIMICA
650 4 _aENSENANZA DE LA FISICA
650 4 _aENSENANZA DE LA QUIMICA
650 4 _aOBJETIVOS EDUCACIONALES
650 4 _aPLANES DE CLASE
800 1 _aVillaverde, Aníbal
_edirector
942 _cBK
998 _cGrace
999 _c6575
_d6575